书目信息 |
| 题名: |
微电极方法
|
|
| 作者: | Purves 著 ;刘克球 译 | |
| 分册: | ||
| 出版信息: | 北京 北京大学出版社 1985 |
|
| 页数: | 167页 | |
| 开本: | 19cm | |
| 丛书名: | ||
| 单 册: | ||
| 中图分类: | Q2-33 | |
| 科图分类: | ||
| 主题词: | 细胞学 | |
| 电子资源: | ||
| ISBN: | ||
| 000 | 00754nam0 2200229 45 | |
| 001 | 0405241731 | |
| 005 | 20040524172505.7 | |
| 010 | @dCNY1.15 | |
| 091 | @a13209.107 | |
| 100 | @a20040524d1985 km y0chiy0120 ea | |
| 101 | 0 | @achi@ceng |
| 105 | @a z 000yy | |
| 200 | 1 | @a微电极方法@AWei Dian Ji Fang Fa@e用于细胞内记录及离子电泳@EYong Yu Xi Bao Nei Ji Lu Ji Li Zi Dian Yong@f(英)R.D.Purves著@F(Ying)R.D.Purves Zhu@g刘克球译 |
| 210 | @a北京@c北京大学出版社@d1985 | |
| 215 | @a167页@d19cm | |
| 517 | 1 | @a用于细胞内记录及离子电泳@AYong Yu Xi Bao Nei Ji Lu Ji Li Zi Dian Yong |
| 606 | 0 | @a细胞学 |
| 690 | @aQ2-33@v3 | |
| 701 | 0 | @aPurves@4著 |
| 702 | 0 | @a刘克球@ALiu Ke Qiu@4译 |
| 801 | @aCN@bPftUser@c20040524 | |
| 905 | @f2@b164567-568@dQ2-33@e4 | |
| 微电极方法:用于细胞内记录及离子电泳/(英)R.D.Purves著/刘克球译.-北京:北京大学出版社,1985 |
| 167页;19cm |
| ISBN :CNY1.15 |
| ● |
| 相关链接 |
|
|
|
|
正题名:微电极方法
索取号:Q2-33/4
 
预约/预借
| 序号 | 登录号 | 条形码 | 馆藏地/架位号 | 状态 | 备注 |
| 1 | 0164567 | 000077605 | 第三借阅区/ [索取号:Q2-33/4] | 在馆 | |
| 2 | 0164568 | 000077614 | 第三借阅区/ [索取号:Q2-33/4] | 在馆 | |
| 3 | 0164569 | 000077598 | 第二样本阅览室/ [索取号:Q2-33/4] | 在馆 |